[Event "1516VL"]
[Site "Mecklenburg-Vorpommern"]
[Date "2016.04.24"]
[Round "9.5"]
[White "Streit, Bodo"]
[Black "Schumann, Rabea"]
[Result "1/2-1/2"]
[WhiteElo "1765"]
[BlackElo "1674"]
[PlyCount "84"]
[EventDate "2015.10.11"]
[EventType "team-tourn"]
[EventRounds "9"]
[EventCountry "GER"]
[SourceDate "2015.09.20"]
[WhiteTeam "SV BW Grevesmuehlen"]
[BlackTeam "SSC Rostock 07 II"]
[WhiteTeamCountry "GER"]
[BlackTeamCountry "GER"]

1. b4 e5 2. Bb2 Bxb4 3. f4 d6 4. fxe5 dxe5 5. Bxe5 Nf6 6. Nf3 O-O 7. c3 Bd6 8.
Bxd6 cxd6 9. e3 Nc6 10. Be2 Qc7 11. O-O Bd7 12. Na3 Ne5 13. Nc2 Rac8 14. Ncd4
d5 15. Qb3 Nc4 16. Rab1 b6 17. Rbc1 Ne4 18. Bxc4 dxc4 19. Qc2 Nc5 20. Ne1 Rce8
21. Rf4 Ne6 22. Rh4 g6 23. Nef3 Nxd4 24. Rxd4 Bf5 25. e4 Bg4 26. Rf1 Bxf3 27.
Rxf3 Rd8 28. Rxd8 Rxd8 29. d4 cxd3 30. Rxd3 Qc5+ 31. Kh1 Rxd3 32. Qxd3 Qg5 33.
h3 Qc1+ 34. Kh2 Qb2 35. Qd8+ Kg7 36. Qd4+ Kg8 37. a4 Qc1 38. e5 Qf1 39. h4 Qf5
40. Kg3 Qe6 41. Qe4 Kg7 42. Qd4 Kg8 1/2-1/2

[Event "1516VL"]
[Site "Mecklenburg-Vorpommern"]
[Date "2016.04.24"]
[Round "9.6"]
[White "Hodl, Ingolf"]
[Black "Haase, Sebastian"]
[Result "0-1"]
[WhiteElo "1922"]
[BlackElo "1731"]
[PlyCount "84"]
[EventDate "2015.10.11"]
[EventType "team-tourn"]
[EventRounds "9"]
[EventCountry "GER"]
[SourceDate "2015.09.20"]
[WhiteTeam "SSC Rostock 07 II"]
[BlackTeam "SV BW Grevesmuehlen"]
[WhiteTeamCountry "GER"]
[BlackTeamCountry "GER"]

1. e4 c5 2. Nc3 e6 3. Nf3 a6 4. d4 cxd4 5. Nxd4 Bc5 6. Be3 Ba7 7. Be2 Nc6 8.
Nxc6 bxc6 9. Bxa7 Rxa7 10. Qd4 Ra8 11. Qxg7 Qf6 12. Qxf6 Nxf6 13. e5 Nd5 14.
Ne4 Ke7 15. O-O Rg8 16. Bf3 a5 17. c4 Nf4 18. Rfd1 Ng6 19. Nf6 Rg7 20. Nh5 Rg8
21. Re1 a4 22. Kh1 Ra5 23. Be4 Rxe5 24. Ng3 Ra5 25. Rac1 Rd8 26. c5 Ba6 27. Rc3
Rb8 28. b3 axb3 29. axb3 Ra2 30. Kg1 Rb4 31. Bc2 Rb2 32. Nf5+ Kd8 33. Nd6 Nf4
34. Bd1 Nd3 35. Rf1 Ke7 36. Nc8+ Bxc8 37. Rxd3 Ba6 38. Re3 Bxf1 39. Kxf1 Rd4
40. Bf3 Rdd2 41. Ke1 Rxf2 42. Re4 Rfc2 0-1

[Event "1516VL"]
[Site "Mecklenburg-Vorpommern"]
[Date "2016.04.24"]
[Round "9.7"]
[White "Wulff, Jens Peter"]
[Black "Schamber, Dennis"]
[Result "0-1"]
[WhiteElo "1629"]
[BlackElo "1695"]
[PlyCount "64"]
[EventDate "2015.10.11"]
[EventType "team-tourn"]
[EventRounds "9"]
[EventCountry "GER"]
[SourceDate "2015.09.20"]
[WhiteTeam "SV BW Grevesmuehlen"]
[BlackTeam "SSC Rostock 07 II"]
[WhiteTeamCountry "GER"]
[BlackTeamCountry "GER"]

1. d4 Nf6 2. Bf4 g6 3. Nf3 Bg7 4. e3 O-O 5. Bd3 d6 6. Nbd2 Nbd7 7. c3 Nh5 8.
Bg3 Nxg3 9. hxg3 e5 10. Qb3 a5 11. a4 Kh8 12. Nh4 Qe8 13. O-O-O f5 14. Rde1 e4
15. Bc2 g5 16. Nxf5 Rxf5 17. Bxe4 Nf6 18. Bxf5 Bxf5 19. Qxb7 Ne4 20. g4 Bg6 21.
f4 Rb8 22. Qxc7 Nxd2 23. f5 Nb3+ 24. Kd1 Bf7 25. Rh3 Na1 26. Kc1 Rc8 27. Qb7
Bxd4 28. Kb1 Bxc3 29. Reh1 Rb8 30. Rxh7+ Kg8 31. Rxf7 Rxb7 32. Rxb7 Qe4+ 0-1